000 00594nam a2200229Ia 4500
003 OSt
005 20220924153331.0
006 a|||||r|||| 00| 0
007 ta
008 220923b |||||||| |||| 00| 0 guj d
024 _a347950
037 _cTextual
040 _aARTS
_cARTS
_bguj
041 _2guj
_aguj
082 _aO156,2M77,6, w1F9
100 _aDalpatram Kavi Nahnalal
_9228555
245 0 _aPremkanj
260 _c1929
650 _aGUJRATI LITERATURE
942 _hO156,2M77,6, w1F9
_cTEXL
_2CC
999 _c473197
_d473197